01182 a2200157 45000010006000000050017000060080041000230030015000640400040000790800077001192450037001962640054002333000019002875050699003061000019010055336120260407155808.0260407a1962 arg spa dAR-UNSa-BCEJYS aAR-UNSa-BCEJYSbspacAR-UNSa-BCEJYS a330.342.22xEconomía en desarrollo. Economía en industrialización 10aGeografía industrial del mundo 1aBuenos Aires :bUniversidad de Buenos Airesc1962 a123 p.c18 cm. aIntroducción: Fundamentos de una geografía industrial - Primera parte: Las industrias nordoccidentales de la Europa nordoccidental - I. La antigua industria inglesa y sus transformaciones - II. La industria alemana - III. La industria francesa y la industria belga - IV. La industria suiza,la austríaca y la italiana - Segunda parte: Los países nuevos,émulos de Europa - V. Estados Unidos,continente industrial - VI. La industria japonesa - VII. Nuevos países industriales - Tercera parte: Industrialización e industrias de la Unión Soviética y de las democracias populares - VIII. Las industrias de la Unión Soviética y la industrialización de las democracias populares1 aGeorge, Pierre